Get people to do what you want : how to use body language and words to attract people you like and avoid the ones you dont /

Bibliographic Details
Main Author: Hartley, Gregory
Other Authors: Karinch, Maryann
Format: Book
Published: Franklin Lakes, N.J: Career Press, c2008.
Subjects:
LEADER 00754cam a2200229 7i4500
001 0000038661
005 20151104090000.0
005 ##20151104145800.0
003 ##MY-KlINT
020 # # |a 9789833831104: RM 34.90  
039 # 9 |y 201511041458  |z VLOAD 
040 # # |a LCC 
090 0 0 |a 153.852   |b HAR 
100 1 # |a Hartley, Gregory 
245 0 0 |a Get people to do what you want :   |b how to use body language and words to attract people you like and avoid the ones you dont /   |c by Gregory Hartley and Maryann Karinch. 
260 # # |a Franklin Lakes, N.J:   |b Career Press,   |c c2008. 
300 # # |a 283 p:   |b ill;   |c 21cm. 
500 # # |a Includes index 
650 # 0 |a Persuasion (Psychology)  
650 # 0 |a Influence (Psychology)  
650 # 0 |a Body language  
700 0 # |a Karinch, Maryann